00905cam a2200265 a 450000100100000000500170001000800410002702000150006804000230008308200190010610000410012524500490016626000340021530000210024949000310027050000610030165000280036265000300039083000380042091000280045891000070048604900090049395201220050299900150062400000981320200929161720.0980701s1998 mx 000 p spa d a968190446x aDO-SdBNPcDLCdDLC aU861.44bB462v1 aBenedetti, Mario,d1920-2009.91195913aLa vida ese paréntesis /cMario Benedetti. aMéxico :bAlfaguara,c1998. a154 p. ;c21 cm.1 aBiblioteca Mario Benedetti aEl primer ejemplar es una quinta reimpresión del 2000. 4aPoesía uruguaya93846 4aLiteratura uruguaya93054 0aBiblioteca Mario Benedetti924217 aCatalogación derivada aWM aBNGR 001052708MOaGRbGRcHDd2009-10-01iLF1l0oU861.44 B462vp9813-10r2020-06-25w2020-06-25y2ZPréstamo interno c9572d9572